| 000 | 00343nam a22001457a 4500 | ||
|---|---|---|---|
| 003 | OSt | ||
| 005 | 20160727222350.0 | ||
| 008 | 160622b xxu||||| |||| 00| 0 eng d | ||
| 040 | _cTest | ||
| 100 |
_9378 _aEve, et al |
||
| 245 | _a366 Good Night Stories | ||
| 260 |
_aLon _b The Hamlyn _c1976 |
||
| 300 | _a366 Good Night Stories | ||
| 942 |
_2ddc _cBK |
||
| 999 |
_c307 _d307 |
||